LEADER 00817nam0-22002891i-450 001 990005278570403321 005 20180212155506.0 035 $a000527857 100 $a19990530d1969----km-y0itay50------ba 101 0 $ager 102 $aDE 105 $af y 001zy 200 1 $aKönig Herodes$eder Mann und sein Werk$fvon Abraham Schalit 210 $aBerlin$cWalter De Gruyter & Co.$d1969 215 $aXVI, 889 p., 6 c. di tav.$d24 cm 225 1 $aStudia Judaica$v4 610 0 $aEbrei$aStoria$aSec. 1. a. C. 610 0 $aErode 676 $a296.09014 700 1$aSchalit,$bAbraham$0205836 801 0$aIT$bUNINA$gRICA$2UNIMARC 901 $aBK 912 $a990005278570403321 952 $a200/3$bST.REL. 740$fFLFBC 959 $aFLFBC 996 $aKönig Herodes$9537502 997 $aUNINA LEADER 04467nam 22006375 450 001 9910164129903321 005 20220208031838.0 010 $a3-95487-250-1 024 7 $a10.31819/9783954872503 035 $a(CKB)3710000001056587 035 $a(MiAaPQ)EBC5635184 035 $a(DE-B1597)516973 035 $a(OCoLC)974709408 035 $a(DE-B1597)9783954872503 035 $a(MiAaPQ)EBC6318920 035 $a(Au-PeEL)EBL6318920 035 $a(OCoLC)1195468531 035 $a(EXLCZ)993710000001056587 100 $a20191126d2015 fg 0 101 0 $aspa 135 $aurcnu|||||||| 181 $2rdacontent 182 $2rdamedia 183 $2rdacarrier 200 00$aEncrucijadas globales $eredefinir España en el siglo XXI /$fJosé Colmeiro 210 1$aFrankfurt am Main :$cVervuert Verlagsgesellschaft,$d[2015] 210 4$d©2015 215 $a1 online resource (365 pa?ginas) $cilustraciones a color 225 0 $aLa Casa de la Riqueza. Estudios de la Cultura de España ;$v31 311 0 $a84-8489-879-2 320 $aIncluye referencias bibliogra?ficas. 327 $tFront matter --$tÍndice --$tINTRODUCCIÓN Redefinir España: entre lo local y lo global /$rColmeiro, José --$t1. LAS NUEVAS COORDENADAS --$tGlobalización, cosmopolitismo y traducción cultural /$rLabanyi, Jo --$tEspaña en el siglo XXI: hacia una cultura de la intermediación global /$rLuis Abellán, José --$tIsegoría: conflicto político y prensa en España (2004-2011) /$rElorza, Antonio --$t2. IDENTIDADES E INMIGRACIÓN --$tEncrucijadas raciales y políticas identitarias: El Chojin y la función social del rap en español /$rBermúdez, Silvia --$tPluralismo religioso y ciudadanía: el reto del islam en la España del siglo XXI /$rPlanet Contreras, Ana I. --$t3. MEMORIAS, HISTORIAS Y FICCIONES --$tMitos de la memoria: la obsesión del regreso (globos y sondas) /$rNaharro-Calderón, José María --$tRevisionismo multicultural: reescribiendo las historias del expansionismo catalán desde la España del siglo XXI /$rGonzález-Casanovas, Roberto --$tHistoria y fi cción del "oro de Moscú": la conexión histórica entre España y Rusia vista desde el siglo XXI /$rVolkova, Ekaterina --$t4. CRUCES DE MIRADAS ENTRE ESPAÑA Y LATINOAMÉRICA --$tEncrucijadas anticolonialistas y soberanía indígena: repensar el imperio desde la periferia en También la lluvia /$rLehman, Kathryn --$tCon un mar de por medio: exilio, memoria y neoliberalismo en el cine de Adolfo Aristarain /$rGrosman, Carla --$tDevolviendo la mirada: Biutiful y la globalización de Los olvidados /$rPino-Ojeda, Walescka --$t5. REDEFINIR LA IMAGEN DE ESPAÑA --$tTapas, dietas y chefs: la Marca España en el nuevo cine gastronómico español /$rMartínez-Expósito, Alfredo --$tGéneros de corta y pega: Entre lo nacional y lo global en Balada triste de trompeta de Álex de la Iglesia /$rPaszkiewicz, Katarzyna --$tEspectros de España: desmontaje y reciclaje de imágenes en la literatura mutante de Manuel Vilas /$rFernández Castillo, José Luis --$tSobre los autores 330 $aAnálisis multidisciplinar de los procesos de redefinición acaecidos en el marco de la globalización en España. En estos últimos años, el país ha atravesado un proceso de cambio que ha desembocado en una profunda crisis, económica, política, cultural e identitaria, que afecta a la propia idea de España y apunta hacia una nueva transición política y cultural. 410 0$aCasa de la riqueza.$pEstudios de cultura de Espan?a ;$v31. 517 3 $aRedefinir Espan?a en el siglo XXI 606 $aGlobalization$zSpain 606 $aNational characteristics, Spanish 606 $aMotion pictures$zSpain$xHistory$y21st century 606 $aSpanish literature$y21st century$xHistory and criticism 607 $aSpain$xHistory$y21st century 607 $aSpain$xCivilization$y21st century 607 $aSpain$xIn motion pictures 607 $aSpain$xIn literature 608 $aLibros electronicos. 615 0$aGlobalization 615 0$aNational characteristics, Spanish. 615 0$aMotion pictures$xHistory 615 0$aSpanish literature$xHistory and criticism. 676 $a946.083 702 $aColmeiro$b José$4edt$4http://id.loc.gov/vocabulary/relators/edt 801 0$bDE-B1597 801 1$bDE-B1597 906 $aBOOK 912 $a9910164129903321 996 $aEncrucijadas globales$91397613 997 $aUNINA LEADER 01091nas 2200337-a 450 001 9910389304403321 005 20240413030126.0 035 $a(CKB)991042736833438 035 $a(CONSER)cn-85030557- 035 $a(EXLCZ)99991042736833438 100 $a19850722a19749999 k-- a 101 0 $aeng 181 $ctxt$2rdacontent 182 $cc$2rdamedia 183 $acr$2rdacarrier 200 00$aEagle Valley news 210 $aSicamous, B.C. $cNeeland Enterprise$d[1974]- 215 $a1 online resource 311 08$aPrint version: Eagle Valley news. 0828-833X (DLC)cn 85030557 (OCoLC)1080980131 531 0 $aEagle Val. news 606 $aCanadian newspapers (English)$zBritish Columbia$zSicamous 606 $aJournaux canadiens-anglais$3(CaQQLa)201-0011518$zColombie-Britannique$zSicamous 615 5$aCanadian newspapers (English) 615 6$aJournaux canadiens-anglais 676 $a071/.1141 686 $acci1icc$2lacc 906 $aNEWSPAPER 912 $a9910389304403321 920 $aexl_impl conversion 996 $aEagle Valley news$91952448 997 $aUNINA